Diseño de un sistema de análisis y planificación de capacidad en las operaciones de una empresa bancaria
Gespeichert in:
| 1. Verfasser: | |
|---|---|
| Weitere Verfasser: | , |
| Format: | Buch |
| Veröffentlicht: |
San José, Costa Rica
2002
|
| Schlagworte: | |
| Tags: |
Tag hinzufügen
Keine Tags, Fügen Sie den ersten Tag hinzu!
|
MARC
| LEADER | 00000nam a2200000Ia 4500 | ||
|---|---|---|---|
| 003 | 009140 | ||
| 005 | 20240205112642.0 | ||
| 008 | 140114s2002 cr a m 000 ||s d | ||
| 040 | |c cru CEDI | ||
| 090 | |a TFG 4681 | ||
| 100 | |a Víquez Lobo, Noelia,1978- |9 2308 | ||
| 245 | |a Diseño de un sistema de análisis y planificación de capacidad en las operaciones de una empresa bancaria | ||
| 260 | |a San José, Costa Rica |c 2002 | ||
| 300 | |a xiii, 215 [175] hojas : ilustraciones; cuadros, gráficos | ||
| 500 | |a Proyecto de Graduación (Licenciatura en ingeniería industrial)--Universidad de Costa Rica. Facultad de Ingeniería. Escuela de Ingeniería Industrial | ||
| 501 | |a Director de Proyecto de Graduación: Ing. José Alberto Moya Segura | ||
| 650 | |x ESTUDIO DE TIEMPOS |x BANCOS |x INVESTIGACIONES |x SERVICIO AL CLIENTE |x ESTUDIO DE TIEMPOS |x ANALISIS OCUPACIONAL |x PRODUCCION (TEORIA ECONOMICA) |x ORGANIZACION, CONTROL, ETC. |x PLANIFICACION ESTRATEGICA |x CALIDAD DEL SERVICIO |9 7050 | ||
| 700 | |a Gamboa Núñez, Carlos, 1979- |9 2309 | ||
| 700 | |a Moya Segura, José Alberto, 1957- |d Director del TFG |9 881 | ||
| 942 | |c TFG |h TFG 4681 |i 009140 |6 TFG_4681_009140000000000 | ||
| 999 | |c 17800 |d 17800 | ||
